000 00584nam a22002417a 4500
003 UA-OsUOA
001 67485
007 ta
008 20100224b un ||||| |||| 00| 0 ukr d
100 _aДубровин М. И.
090 _a(038)=111.161.2
_bД79
942 _cBK
040 _aUA-OsUOA
_brus
_cUA-OsUOA
_dUA-OsUOA
245 _aАнгло-русский словарь
300 _a317 с.
955 _a2
041 _arus
080 _a(038)=111.161.2
020 _a5-09-004862
260 _aМ.
_bПросвещение
_c1993
650 7 _2UDC
999 _c353639
_d353639